000 00350nam a22001337a 4500
003 OSt
005 20211222111700.0
008 211222b |||||||| |||| 00| 0 eng d
040 _cHU
082 _24th
_a004.22/STA1996
100 _aStallings
_924267
245 _aComputer Organization & Architecture Designing For Performance
942 _2ddc
_cBOOKS
_n0
999 _c23430
_d23430